Managerial decision modeling with spreadsheets / (Record no. 22138)
[ view plain ]
| 000 -LEADER | |
|---|---|
| fixed length control field | 01781cam a22003735a 4500 |
| 001 - CONTROL NUMBER | |
| control field | 016497662 |
| 003 - CONTROL NUMBER IDENTIFIER | |
| control field | Uk |
| 005 - DATE AND TIME OF LATEST TRANSACTION | |
| control field | 20160809122521.0 |
| 008 - FIXED-LENGTH DATA ELEMENTS--GENERAL INFORMATION | |
| fixed length control field | 130910s2014 enka fr 001 0 eng d |
| 015 ## - NATIONAL BIBLIOGRAPHY NUMBER | |
| National bibliography number | GBB384041 |
| Source | bnb |
| 016 7# - NATIONAL BIBLIOGRAPHIC AGENCY CONTROL NUMBER | |
| Record control number | 016497662 |
| Source | Uk |
| 020 ## - INTERNATIONAL STANDARD BOOK NUMBER | |
| International Standard Book Number | 9781292024196 (pbk.) |
| 020 ## - INTERNATIONAL STANDARD BOOK NUMBER | |
| International Standard Book Number | 1292024194 (pbk.) |
| 035 ## - SYSTEM CONTROL NUMBER | |
| System control number | (UkOxU)019560374 |
| 040 ## - CATALOGING SOURCE | |
| Original cataloging agency | UK-WkNB |
| Language of cataloging | eng |
| Transcribing agency | UK-WkNB |
| Modifying agency | EG-ScBUE |
| 042 ## - AUTHENTICATION CODE | |
| Authentication code | ukscp |
| 082 04 - DEWEY DECIMAL CLASSIFICATION NUMBER | |
| Edition number | 22 |
| Classification number | 658.4032 |
| Item number | BAL |
| 100 1# - MAIN ENTRY--PERSONAL NAME | |
| Personal name | Balakrishnan, Nagraj. |
| 9 (RLIN) | 39887 |
| 245 10 - TITLE STATEMENT | |
| Title | Managerial decision modeling with spreadsheets / |
| Statement of responsibility, etc | [Nagraj Balakrishnan, Barry Render, Ralph M Stair]. |
| 250 ## - EDITION STATEMENT | |
| Edition statement | Pearson new international ed. |
| 260 ## - PUBLICATION, DISTRIBUTION, ETC. (IMPRINT) | |
| Place of publication, distribution, etc | Harlow, Essex : |
| Name of publisher, distributor, etc | Pearson Education Limited, |
| Date of publication, distribution, etc | c.2014. |
| 300 ## - PHYSICAL DESCRIPTION | |
| Extent | ii, 582 p. : |
| Other physical details | col. ill. ; |
| Dimensions | 28 cm. |
| 490 0# - Series Statement | |
| Series statement | Pearson custom library |
| 500 ## - GENERAL NOTE | |
| General note | Index : p. 577-582. |
| 505 ## - FORMATTED CONTENTS NOTE | |
| Formatted contents note | Chapter 1: Introduction to Managerial Decision Modeling -- Chapter 2: Linear Programming Models: Graphical and Computer Methods -- Chapter 3: Linear Programming Modeling Applications with Computer Analyses in Excel -- Chapter 4: Transportation, Assignment, and Network Models Chapter 5: Integer, Goal, and Nonlinear Programming Models -- Chapter 6: Project Management -- Chapter 7: Decision Analysis -- Chapter 8: Queuing Models -- Chapter 9: Simulation Modeling -- Chapter 10: Forecasting Models Online -- Chapter 11: Inventory Control Models. |
| 650 #7 - SUBJECT ADDED ENTRY--TOPICAL TERM | |
| Topical term or geographic name as entry element | Industrial management |
| General subdivision | Mathematical models |
| Source of heading or term | BUEsh |
| 9 (RLIN) | 25973 |
| 650 #7 - SUBJECT ADDED ENTRY--TOPICAL TERM | |
| Topical term or geographic name as entry element | Management science |
| Form subdivision | Textbooks. |
| Source of heading or term | BUEsh |
| 9 (RLIN) | 40693 |
| 650 #7 - SUBJECT ADDED ENTRY--TOPICAL TERM | |
| Topical term or geographic name as entry element | Decision making |
| General subdivision | Mathematical models. |
| Source of heading or term | BUEsh |
| 9 (RLIN) | 17642 |
| 651 ## - SUBJECT ADDED ENTRY--GEOGRAPHIC NAME | |
| Source of heading or term | BUEsh |
| 653 ## - INDEX TERM--UNCONTROLLED | |
| Resource For college | BAEPS, Business Administration |
| Arrived date list | August 2016 |
| 700 1# - ADDED ENTRY--PERSONAL NAME | |
| Personal name | Render, Barry, |
| 9 (RLIN) | 4444 |
| 700 1# - ADDED ENTRY--PERSONAL NAME | |
| Personal name | Stair, Ralph M., |
| 942 ## - ADDED ENTRY ELEMENTS (KOHA) | |
| Source of classification or shelving scheme | Dewey Decimal Classification |
| Edition | 22 |
| Call number prefix | 658.4032 BAL |
| Withdrawn status | Item status | Source of classification or shelving scheme | Damaged status | Not for loan | Home library | Current library | Shelving location | Date acquired | Source of acquisition | Total Checkouts | Total Renewals | Full call number | Barcode | Date last seen | Date last borrowed | Koha item type |
|---|---|---|---|---|---|---|---|---|---|---|---|---|---|---|---|---|
| Dewey Decimal Classification | Central Library | Central Library | First floor | 08/08/2016 | Purchase | 2 | 22 | 658.4032 BAL | 000033148 | 15/07/2025 | 10/10/2018 | Book - Borrowing |